Statistiques concernant Quiz Ligue 1

Cliquez ici pour prendre le quiz!

Statistiques générales

  • Ce quiz a été pris 119 fois
  • Le résultat moyen est 3 sur 5

Statistiques - réponses

QuestionRéponse% Correct
Quel est le trophée du championnat de France de football ?
96%
Quel est le club le plus couronné de la compétition ?AS Saint-Étienne
75%
En quelle année à été créer le championnat de France de football ?1932
63%
Quel club détient le record de longévité avec 47 saisons consécutives ?Paris Saint Germain
36%
Quel à été le premier nom du championnat de France de football ?Division nationale
20%

Distribution des résultats

Percentile par nombre de réponses

% des personnes avec chaque résultat

Votre développement - résultats

Vous n’avez pas pris ce quiz